000
00293 a2200109 4500
001
68582
040
_c
Anchieta - Itaigara
240
1
0
_a
Acampamento Arraial Uniser
_l
245
1
0
_a
Acampamento Arraial Uniser
650
4
_a
Documentários, mÃdia educacional, jornalismo e publicidade
942
_c
MX
999
_c
68582
_d
68582